00559nam a2200145Ia 4500008004100000245012800041260004500169260000900214300000900223500001300232650001300245856006300258999001900321952007300340170516s9999 xx 000 0 und d aPerceptions on the risk and management of unused pharmaceuticals toward the creation of guidelines on handling and disposal bAsian Journal of Pharmaceutical Sciences c2016 a11:1 aFebruary xPharmacy uhttp://www.sciencedirect.com/science/journal/18180876/11/1 c331702d331702 001040aCLbCLd2017-05-16l0r2017-05-16 00:00:00w2017-05-16yFOJ